Organización del comercio y de la empresa /

Guardado en:
Autor Principal: Trevisan, Egidio C.
Otros Autores: Atchabahian, Adolfo
Formato: Libro
Publicado: Buenos Aires : Kapelusz, 1959
Edición:3a. ed.
Materias:
Etiquetas: Agregar Etiqueta
Sin Etiquetas, Sea el primero en etiquetar este registro!
LEADER 00873nam a22002415a 4500
001 CEM.cems006322
005 20060214000000.0
008 130507s1959##################000#0#####d
003 CEMS
082 0 4 |a 658 
100 1 |a Trevisan, Egidio C. 
245 1 0 |a Organización del comercio y de la empresa / 
250 |a 3a. ed. 
260 |a Buenos Aires :  |b Kapelusz,  |c 1959 
300 |a 235 p. 
505 0 |a Organizaci¢n: empresa argentina; caracter¡sticas de la organizaci¢n; los empresarios.-Planeamiento y control patrimonial, econ¢mico y financiero de la empresa.-Control operativo: auditor¡a.-Control de sistemas. 
653 |a Administracion de empresas 
653 |a Comercio 
653 |a Empresa-organizacion 
653 |a Empresa-publicidad 
653 |a Publicidad 
700 1 |a Atchabahian, Adolfo 
859 |a CEMS  |b BIB. CEMS - 11 de abril  |h 658  |i T728a3  |p 5142.76  |t Ej.1